Most Valuable Football Clubs - Statistics

General Stats
  • This quiz has been taken 3,874 times
  • The average score is 13 of 20
Answer Stats
Hint Answer % Correct
$3.165 M Manchester United
98%
$3.300 M Real Madrid
98%
$2.600 M Barcelona
96%
$689 M Manchester City
95%
$901 M Chelsea
92%
$1.326 M Arsenal
90%
$1.309 M Bayern Munich
89%
$651 M Liverpool
89%
$694 M Juventus
83%
$401 M Inter
81%
$436 M Borussia Dortmund
77%
$520 M Tottenham
67%
$945 M Milan
63%
$330 M Napoli
42%
$368 M Lyon
38%
$285 M Marseille
34%
$263 M Newcastle United
31%
$498 M Schalke
25%
$300 M Hamburg
9%
$358 M Corinthians
2%
No matching quizzes found
Score Distribution
Percent of People with Each Score
Percentile by Number Answered
Your Score History
You have not taken this quiz